00852nam a2200241 a 4500001000900000005001700009008004100026041000800067044000700075050002600082100003400108245010000142260003700242300003500279500001100314500003900325651003100364651005400395902000800449942001100457999001700468952012500485BRL_150920190320211235.0130214c----1950mx-ao#####---#000-0#spa-# aspa amx 4aF1435.1.B6b.F73 19501 aFranco Torrijos, Enrique962510aOdisea en Bonampakbnarración inédita de una azaroza expedicióncEnrique Franco Torrijos. aMéxicobArtes gráficasc1950 axi, 154 p.bil., mapasc19 cm. aAu1709 aIncluye dedicatoria a Ruth Lechuga 4aBonampak (México)927127 4aChiapas (México)xDescripciones y viajes927128 aGRL 2lcccB c10319d10319 00104070aBRLbBRLd2014-02-13iAu1709l0oF1435.1.B6 .F73 1950 (Au1709)pGRL01670r2019-03-22 00:00:00w2019-03-22yB